| 000 | 00930nam a2200253 a 4500 | ||
|---|---|---|---|
| 001 | 000022814 | ||
| 005 | 20200930021819.0 | ||
| 008 | 101118s1972 sp r 000 0 spa d | ||
| 040 |
_aDO-SdBNP _bspa _cBNPHU |
||
| 082 |
_a921.2 _aH682w |
||
| 100 | 1 |
_aWatkins, J. W. N. _946867 |
|
| 240 | 1 | 0 |
_aHobbes's system of ideas. _lEspañol. |
| 245 | 1 | 0 |
_aQué ha dicho verdaderamente Hobbes / _cJ. W. N. Watkins ; traducción al castellano Antonio Gallifa. |
| 260 |
_aMadrid, (España) : _bDoncel, _c1972. |
||
| 300 |
_a247, [9] p. ; _c18 cm. |
||
| 490 | 1 |
_aQué ha dicho verdaderamente _v18 |
|
| 504 | _aIncluye referencias bibliográficas (p. [5]-8) | ||
| 534 |
_aTítulo original: _tHobbes's system of ideas. |
||
| 600 | 1 | 4 |
_aHOBBES, THOMAS, _d1588-1679 _xBIOGRAFÍA _946868 |
| 650 | 4 |
_aFilósofo _xBiografía _946869 |
|
| 700 | 1 |
_aGallifa, Antonio _etr. _946870 |
|
| 830 | 0 |
_aQué ha dicho verdaderamente ; _v18 _933187 |
|
| 049 | _aBNGR | ||
| 999 |
_c22311 _d22311 |
||